| 000 | 00655cab a2200217 4500 | ||
|---|---|---|---|
| 001 | WB2841-29 | ||
| 008 | 090401t1992 xxu||||| |||| 00| 0 eng d | ||
| 035 | _a(Sirsi) u43638 | ||
| 041 | _aeng | ||
| 245 | _aSecret of success is a hot property | ||
| 260 | _c1992 | ||
| 350 | _a0 | ||
| 490 |
_aIndependent on Sunday _v18 October 1992, B21(1) |
||
| 520 | _aProfiles Property Intelligence and the databases it has to offer the property industry. | ||
| 650 | _aDATABASES | ||
| 650 | _aPROPERTY INFORMATION | ||
| 650 | _aPROPERTY INTELLIGENCE | ||
| 690 | _aMANAGEMENT-BUSINESS MANAGEMENT-INFORMATION MANAGEMENT | ||
| 942 | _n0 | ||
| 948 | _c04/03/1997 | ||
| 999 |
_c27807 _d27807 |
||